[Event "Titled Tue 1st Jul Late"]
[Site "chess.com INT"]
[Date "2025.07.01"]
[Round "10"]
[White "Vihaan Karthikeya N"]
[Black "Nifdaliyev, Jahangir"]
[Result "0-1"]
[BlackTitle "FM"]
[WhiteElo "2179"]
[BlackElo "2312"]
[WhiteFideId "25950673"]
[BlackFideId "13407740"]
[EventDate "2025.07.01"]

1. d4 Nf6 2. c4 g6 3. Nc3 d5 4. cxd5 Nxd5 5. e4 Nxc3 6. bxc3 Bg7 7. Bc4 O-O 8.
Ne2 c5 9. O-O Nc6 10. Be3 a6 11. Rc1 Bd7 12. e5 b5 13. Bb3 c4 14. Bc2 Qa5 15.
Bb1 Rac8 16. f4 e6 17. Ng3 Ne7 18. Ne4 Nd5 19. Bd2 Bc6 20. Nd6 Rcd8 21. f5 exf5
22. Qc2 Rxd6 23. exd6 Ba8 24. Bg5 Qb6 25. Kh1 Qc6 26. Rce1 h6 27. Be7 Re8 28.
Re2 f4 29. Qc1 Ne3 30. Rxf4 Nxg2 31. Be4 Nxf4 32. Bxc6 Bxc6+ 33. Rg2 Bxg2+ 34.
Kg1 Ne2+ 35. Kxg2 Nxc1 36. d7 Ra8 37. d8=Q+ Rxd8 38. Bxd8 Nxa2 39. d5 Nxc3 40.
d6 Ne4 41. d7 Nc5 42. Bb6 Nxd7 0-1

[Event "Titled Tue 1st Jul Late"]
[Site "chess.com INT"]
[Date "2025.07.01"]
[Round "10"]
[White "Albertini, Luca"]
[Black "Chekletsov, Ilya"]
[Result "1-0"]
[BlackTitle "IM"]
[WhiteElo "2131"]
[BlackElo "2338"]
[WhiteFideId "847038"]
[BlackFideId "24177156"]
[EventDate "2025.07.01"]

1. d4 Nf6 2. c4 e6 3. Nc3 Bb4 4. e3 O-O 5. Bd3 c5 6. Ne2 d5 7. O-O Nc6 8. a3
Bxc3 9. bxc3 dxc4 10. Bxc4 Qc7 11. Bd3 e5 12. Ng3 Be6 13. a4 Rfd8 14. Bb2 Rd7
15. Qe2 Rad8 16. Rfc1 cxd4 17. cxd4 exd4 18. exd4 Qf4 19. Qe3 Qh4 20. h3 Nxd4
21. Be4 Nb3 22. Bf5 Nxc1 23. Bxe6 Rd1+ 24. Kh2 Re8 25. Qf3 Rd3 26. Qxb7 Rxe6 27.
Rxc1 Re8 28. Qb5 Red8 29. Re1 Rd1 30. Bxf6 1-0

[Event "Titled Tue 1st Jul Late"]
[Site "chess.com INT"]
[Date "2025.07.01"]
[Round "10"]
[White "Terletsky, Oleg"]
[Black "Clawitter, Craig"]
[Result "1-0"]
[WhiteTitle "IM"]
[WhiteElo "2160"]
[BlackElo "2050"]
[WhiteFideId "14116774"]
[BlackFideId "2023105"]
[EventDate "2025.07.01"]

1. e4 e5 2. Nf3 Nc6 3. Nc3 Nf6 4. d4 exd4 5. Nxd4 Bb4 6. Nxc6 bxc6 7. Bd3 d5 8.
exd5 cxd5 9. O-O O-O 10. Bg5 c6 11. Qf3 Be7 12. Rae1 Be6 13. h3 Nd7 14. Bf4 Bf6
15. Na4 Qa5 16. b3 Nb6 17. Bc7 Bd8 18. Bd6 Re8 19. Nc5 Be7 20. Nxe6 Bxd6 21. Ng5
Rxe1 22. Bxh7+ Kh8 23. Qh5 Rxf1+ 24. Kxf1 g6 25. Bxg6+ Kg7 26. Qh7+ Kf6 27.
Qxf7+ Kxg5 28. g3 Qc3 29. h4+ Kg4 30. Qf5# 1-0

[Event "Titled Tue 1st Jul Late"]
[Site "chess.com INT"]
[Date "2025.07.01"]
[Round "10"]
[White "Stoica, Savas Marin"]
[Black "Liu, Zachary Hankun"]
[Result "0-1"]
[WhiteElo "2092"]
[BlackElo "2067"]
[WhiteFideId "464309"]
[BlackFideId "2640287"]
[EventDate "2025.07.01"]

1. d4 Nf6 2. c4 e6 3. Nc3 c5 4. d5 exd5 5. cxd5 d6 6. e4 g6 7. h3 Bg7 8. Nf3 O-O
9. Bd3 b5 10. Bxb5 Nxe4 11. Nxe4 Qa5+ 12. Nfd2 Qxb5 13. Nxd6 Qa6 14. N2c4 Nd7
15. O-O Ne5 16. Nxe5 Bxe5 17. Nxc8 Raxc8 18. Bg5 Bxb2 19. Rb1 Bd4 20. Be7 Rfe8
21. d6 Qc6 22. Qg4 f5 23. Qe2 Qd5 24. Rfd1 Kh8 25. Qd2 Kg8 26. Rb5 Rb8 27. Rdb1
Rxb5 28. Rxb5 Kf7 29. Qh6 a6 30. Rb1 Rh8 31. Qd2 Rc8 32. Rd1 Ke6 33. Re1+ Kd7
34. Qa5 Qc4 35. Qb6 Qb5 36. Qa7+ Kc6 37. d7 Rc7 38. d8=Q Rxa7 0-1

[Event "Titled Tue 1st Jul Late"]
[Site "chess.com INT"]
[Date "2025.07.01"]
[Round "10"]
[White "Lezcano, Gustavo"]
[Black "Harriott, Tyrell"]
[Result "1-0"]
[WhiteElo "2007"]
[BlackElo "1924"]
[WhiteFideId "103306"]
[BlackFideId "2086484"]
[EventDate "2025.07.01"]

1. Nf3 d5 2. d3 e6 3. g3 Bd6 4. Bg2 f5 5. e4 Ne7 6. exd5 exd5 7. O-O O-O 8. d4
c6 9. Ne5 Nd7 10. f4 Nf6 11. Be3 Ne4 12. Nd2 Qb6 13. Rb1 Be6 14. Ndf3 Qc7 15.
Kh1 Ng6 16. Nxg6 hxg6 17. Ne5 Bxe5 18. fxe5 Qe7 19. Qc1 Kf7 20. Bxe4 dxe4 21. c4
Kg8 22. b3 Rfd8 23. Rd1 Rd7 24. Rb2 Bf7 25. Rf2 Rad8 26. Rfd2 g5 27. Qc3 Qe8 28.
Bxg5 Bh5 29. Bxd8 Qxd8 30. Qe3 Bf3+ 31. Kg1 1-0

[Event "Titled Tue 1st Jul Late"]
[Site "chess.com INT"]
[Date "2025.07.01"]
[Round "10"]
[White "Svane, Frederik"]
[Black "Povshednyi, Ivan"]
[Result "1-0"]
[WhiteTitle "GM"]
[BlackTitle "FM"]
[WhiteElo "2667"]
[BlackElo "2309"]
[WhiteFideId "12923044"]
[BlackFideId "14190907"]
[EventDate "2025.07.01"]

1. e4 c5 2. Nf3 d6 3. d4 cxd4 4. Nxd4 Nf6 5. Nc3 a6 6. Bg5 e6 7. Qf3 Be7 8.
O-O-O Qc7 9. a3 Nbd7 10. g4 b5 11. Bd2 Bb7 12. g5 Ne5 13. Qg2 Nfd7 14. f4 Nc4
15. Bxc4 Qxc4 16. Nb3 Qc7 17. h4 Nc5 18. Kb1 O-O-O 19. h5 Kb8 20. Be3 f5 21.
gxf6 Bxf6 22. Bd4 Bxd4 23. Rxd4 Rhf8 24. Qg3 Rf7 25. Rhd1 Nxb3 26. cxb3 Rxf4 27.
Qxf4 e5 28. Qxe5 dxe5 29. Rxd8+ Ka7 30. R8d7 Qc5 31. Rxg7 Kb6 32. Rxh7 Qe3 33.
Rd6+ Kc5 34. Rhd7 Bxe4+ 35. Ka2 Bd3 36. b4+ Kc4 37. Rc7+ 1-0

[Event "Titled Tue 1st Jul Late"]
[Site "chess.com INT"]
[Date "2025.07.01"]
[Round "10"]
[White "Rabin, Evan"]
[Black "Noroozi, Omid"]
[Result "1-0"]
[BlackTitle "IM"]
[WhiteElo "1945"]
[BlackElo "2266"]
[WhiteFideId "2028670"]
[BlackFideId "12501190"]
[EventDate "2025.07.01"]

1. e4 c5 2. Nf3 d6 3. d4 cxd4 4. Nxd4 Nf6 5. Nc3 a6 6. Be3 e5 7. Nb3 Be7 8. f4
Nbd7 9. Qd2 b5 10. Bd3 Bb7 11. a3 Rc8 12. O-O O-O 13. Kh1 exf4 14. Bxf4 Ne5 15.
Rad1 Qd7 16. Be2 Qe6 17. Nd4 Qd7 18. Nf5 Nxe4 19. Nxe4 Qxf5 20. Nxd6 Bxd6 21.
Qxd6 Qe4 22. Rf2 Nc4 23. Bxc4 Rxc4 24. Qd3 f5 25. Qxe4 Bxe4 26. c3 Rc6 27. Kg1
Re8 28. Rfd2 Kf7 29. Rd7+ Re7 30. Rxe7+ Kxe7 31. Kf2 h6 32. g3 g5 33. Be3 Ke6
34. Rd8 Rc7 35. Rh8 Kd5 36. Rxh6 g4 37. Rxa6 Rh7 38. Kg1 Kc4 39. Rd6 Kb3 40. Rd2
Rc7 41. Bf4 Re7 42. Bg5 Re6 43. Be3 Bf3 44. Kf2 Re7 45. h4 Be4 46. h5 Kc4 47. h6
Bd3 48. Bd4 f4 49. b3+ Kxb3 50. Rxd3 Kc4 51. Rd1 f3 52. Re1 1-0

[Event "Titled Tue 1st Jul Late"]
[Site "chess.com INT"]
[Date "2025.07.01"]
[Round "10"]
[White "Winkels, Marcel"]
[Black "Gutierrez Carmona, Juan Alejandro"]
[Result "0-1"]
[WhiteTitle "CM"]
[BlackTitle "FM"]
[WhiteElo "1905"]
[BlackElo "2036"]
[WhiteFideId "1003887"]
[BlackFideId "5106770"]
[EventDate "2025.07.01"]

1. e4 e6 2. d4 d5 3. Nc3 Nf6 4. Bg5 dxe4 5. Nxe4 Be7 6. Bxf6 gxf6 7. Nf3 f5 8.
Ng3 c5 9. Bb5+ Bd7 10. Bc4 b5 11. Be2 Nc6 12. d5 Nb4 13. dxe6 fxe6 14. c3 Nd5
15. c4 Qa5+ 16. Qd2 Qxd2+ 17. Nxd2 Nb4 18. O-O Nc2 19. Rac1 Nd4 20. Bf3 Nxf3+
21. Nxf3 bxc4 22. Rxc4 Bb5 23. Rfc1 Bxc4 24. Rxc4 Rb8 25. b3 Rb4 26. Rc2 a5 27.
Ne5 a4 28. bxa4 Rxa4 29. Nc4 Kf7 30. Ne2 Rha8 31. Nc1 R8a6 32. Kf1 Bf6 33. Ke2
Bd4 34. f3 e5 35. Kd3 Ke6 36. h4 Kd5 37. Nd2 Rxa2 38. Nxa2 Ra3+ 39. Ke2 Re3+ 40.
Kf1 e4 41. Nc1 Bf6 42. fxe4+ fxe4 43. Ndb3 c4 44. Nd2 c3 45. Ndb3 Bxh4 46. Ne2
Bf6 47. Nbc1 h5 48. Kf2 Rd3 49. g3 Rd2 50. Rxc3 Bxc3 51. Nb3 Rc2 0-1

[Event "Titled Tue 1st Jul Late"]
[Site "chess.com INT"]
[Date "2025.07.01"]
[Round "10"]
[White "Aakash, G"]
[Black "Guha, Eshan"]
[Result "1-0"]
[WhiteTitle "FM"]
[WhiteElo "2123"]
[BlackElo "2071"]
[WhiteFideId "25644394"]
[BlackFideId "30958628"]
[EventDate "2025.07.01"]

1. d4 Nf6 2. Bf4 d5 3. e3 e6 4. Nc3 Bd6 5. Bd3 O-O 6. Nf3 b6 7. O-O Bb7 8. Ne5
Ne4 9. Qf3 f5 10. Qd1 Nd7 11. Nb5 a6 12. Nxd6 cxd6 13. Nxd7 Qxd7 14. f3 Nf6 15.
c4 Rac8 16. Qb3 dxc4 17. Bxc4 Bd5 18. Bxd5 Nxd5 19. Bg3 b5 20. Rac1 Nb6 21. e4
fxe4 22. fxe4 Rxf1+ 23. Rxf1 Nc4 24. Qd3 Rf8 25. Rb1 e5 26. b3 Na3 27. Rd1 Qa7
28. Qe3 exd4 29. Qxd4 Qxd4+ 30. Rxd4 Re8 31. Bxd6 Nc2 32. Rd2 Ne3 33. h3 Rxe4
34. Re2 Re6 35. Bc5 1-0

[Event "Titled Tue 1st Jul Late"]
[Site "chess.com INT"]
[Date "2025.07.01"]
[Round "10"]
[White "Rustamov, Rustam"]
[Black "Tekeyev, Zaur"]
[Result "1-0"]
[WhiteTitle "FM"]
[BlackTitle "IM"]
[WhiteElo "2334"]
[BlackElo "2407"]
[WhiteFideId "13440110"]
[BlackFideId "4199731"]
[EventDate "2025.07.01"]

1. e4 e5 2. Nf3 Nc6 3. Bb5 a6 4. Ba4 Nf6 5. O-O Be7 6. d4 exd4 7. e5 Ne4 8. Re1
Nc5 9. Bxc6 dxc6 10. Nxd4 Ne6 11. Nf5 Qxd1 12. Rxd1 Bf8 13. Nc3 Nc5 14. Nd4 Bg4
15. f3 Bh5 16. Be3 O-O-O 17. g4 Bg6 18. f4 h5 19. f5 Bh7 20. g5 Rxd4 21. Bxd4
Bxf5 22. Rf1 Bg6 23. h4 Ne6 24. Be3 Bb4 25. a3 Bxc3 26. bxc3 Rd8 27. Rad1 Rxd1
28. Rxd1 Bxc2 29. Rd2 Bg6 30. Kf2 c5 31. Kf3 b6 32. a4 a5 33. Bf2 Bf5 34. Ke3 g6
35. Bg3 Ng7 36. Bf2 Be6 37. Rb2 Nf5+ 38. Kf4 Bd7 39. Ra2 Kd8 40. Ra1 Ke7 41. Be1
Ke6 42. Bf2 Bc6 43. Be1 Ne7 44. c4 Nf5 45. Bf2 Ke7 46. Ra2 Bd7 47. Ra1 Be6 48.
Rc1 Kd7 49. Rc2 Kc8 50. Rc1 Ne7 51. Bg3 Nc6 52. Ke3 Nd4 53. Bf2 Bd7 54. Kd3 Bf5+
55. Ke3 Kd7 56. Rc3 Ke6 57. Kd2 Nc6 58. Bg3 Ke7 59. e6 Bxe6 60. Bxc7 Nd4 61.
Bxb6 Bd7 62. Bxc5+ 1-0

[Event "Titled Tue 1st Jul Late"]
[Site "chess.com INT"]
[Date "2025.07.01"]
[Round "10"]
[White "Karas, Eugenia"]
[Black "Klys, Kacper"]
[Result "0-1"]
[WhiteTitle "WFM"]
[BlackTitle "CM"]
[WhiteElo "2124"]
[BlackElo "2218"]
[WhiteFideId "463485"]
[BlackFideId "21005281"]
[EventDate "2025.07.01"]

1. Nf3 c5 2. b3 d5 3. Bb2 f6 4. e3 e5 5. Nxe5 fxe5 6. Qh5+ Kd7 7. Qf5+ Kc6 8.
Qxe5 Nd7 9. Qe6+ Kc7 10. Qxd5 Ngf6 11. Qf3 a6 12. d4 cxd4 13. Bxd4 Bb4+ 14. c3
Bc5 15. Nd2 Re8 16. Nc4 Bxd4 17. cxd4 Kb8 18. Nd6 Re6 19. Nxc8 Qxc8 20. Bc4 b5
21. Bxe6 Qc3+ 22. Ke2 Qc2+ 23. Ke1 Qc3+ 24. Ke2 Qc2+ 25. Ke1 Ne4 26. Qf4+ Ka7
27. Rd1 Ndf6 28. h4 Nc3 29. Rd2 Qc1+ 30. Rd1 Qxd1# 0-1

[Event "Titled Tue 1st Jul Late"]
[Site "chess.com INT"]
[Date "2025.07.01"]
[Round "10"]
[White "Faryma, Matviy"]
[Black "Storey, Charles H"]
[Result "1-0"]
[BlackTitle "FM"]
[WhiteElo "2230"]
[BlackElo "2102"]
[WhiteFideId "1961578"]
[BlackFideId "406686"]
[EventDate "2025.07.01"]

1. e4 g6 2. d4 Bg7 3. Nc3 c5 4. Nf3 cxd4 5. Nxd4 Nc6 6. Be3 d6 7. Bc4 Nf6 8. Bb3
Ng4 9. Nxc6 bxc6 10. Qf3 O-O 11. Bd2 Ne5 12. Qg3 Ba6 13. h4 Nc4 14. h5 d5 15.
hxg6 fxg6 16. O-O-O Nxd2 17. Rxd2 e6 18. exd5 cxd5 19. Qh3 Qf6 20. Rxd5 h6 21.
Rd7 Rae8 22. Rxa7 Bc4 23. Bxc4 Qf4+ 24. Kb1 Qxc4 25. Qd3 Qxd3 26. cxd3 Rxf2 27.
Rb7 Rd8 28. Rd1 Rxg2 29. a4 Ra8 30. Rb4 h5 31. Re1 Ra6 32. Ne4 Kh7 33. Nc5 Ra8
34. Nxe6 Bf6 35. Nf4 Rg4 36. Rc4 Kh6 37. Nd5 1-0

[Event "Titled Tue 1st Jul Late"]
[Site "chess.com INT"]
[Date "2025.07.01"]
[Round "10"]
[White "Pica, Eleni"]
[Black "Paxtor Chiguichon, Rodolfo Enrique"]
[Result "0-1"]
[WhiteTitle "WCM"]
[BlackTitle "CM"]
[WhiteElo "1686"]
[BlackElo "2009"]
[WhiteFideId "5910005"]
[BlackFideId "7307012"]
[EventDate "2025.07.01"]

1. d4 Nf6 2. c4 e6 3. Nc3 d5 4. Bg5 Be7 5. Nf3 c6 6. e3 Nbd7 7. cxd5 exd5 8. Bd3
h6 9. Bh4 O-O 10. O-O Re8 11. Rb1 b5 12. a4 a6 13. Qc2 Bb7 14. Rfc1 Rc8 15. axb5
cxb5 16. Qd2 Bb4 17. Qd1 Qa5 18. Ra1 Qb6 19. Bf5 Be7 20. Qb3 g5 21. Bg3 Red8 22.
Ne5 b4 23. Na4 Qb5 24. Rxc8 Bxc8 25. Rc1 Nxe5 26. dxe5 Bxf5 27. exf6 Bxf6 28.
Bc7 Rc8 29. Qd1 Bd7 30. Nb6 Re8 31. Nxd5 Bg7 32. Nb6 Be6 0-1

[Event "Titled Tue 1st Jul Late"]
[Site "chess.com INT"]
[Date "2025.07.01"]
[Round "10"]
[White "Taranenko, Evgueniy"]
[Black "Tikhonov, Viacheslav"]
[Result "0-1"]
[BlackTitle "CM"]
[WhiteElo "2201"]
[BlackElo "2183"]
[WhiteFideId "14122138"]
[BlackFideId "44196407"]
[EventDate "2025.07.01"]

1. a3 g6 2. Nc3 Bg7 3. e4 c5 4. f4 Nc6 5. Nf3 e6 6. Be2 Nge7 7. d3 O-O 8. O-O d6
9. Qe1 Nd4 10. Bd1 Rb8 11. Ne2 Nec6 12. Nexd4 Nxd4 13. c3 Nxf3+ 14. Bxf3 b6 15.
Be3 d5 16. e5 d4 17. cxd4 cxd4 18. Bd2 f6 19. Bb4 Rf7 20. Bd6 Ba6 21. Bxb8 Qxb8
22. Bg4 f5 23. Be2 g5 24. g3 Bh6 25. Qd2 Rg7 26. Kf2 gxf4 27. gxf4 Qxe5 28. fxe5
Bxd2 29. Rad1 Be3+ 30. Ke1 Rg2 31. Rh1 Bb7 32. h4 Bf4 33. h5 Kg7 0-1

[Event "Titled Tue 1st Jul Late"]
[Site "chess.com INT"]
[Date "2025.07.01"]
[Round "10"]
[White "Motola, Jacopo"]
[Black "Tan, Zhongyi"]
[Result "1-0"]
[WhiteTitle "FM"]
[BlackTitle "GM"]
[WhiteElo "2330"]
[BlackElo "2546"]
[WhiteFideId "863190"]
[BlackFideId "8603642"]
[EventDate "2025.07.01"]

1. d4 d5 2. c4 e6 3. Nc3 Nf6 4. cxd5 exd5 5. Bg5 Bb4 6. Qa4+ Nc6 7. e3 h6 8.
Bxf6 Qxf6 9. a3 Bxc3+ 10. bxc3 O-O 11. Nf3 Qg6 12. h3 a6 13. c4 dxc4 14. Qxc4 b5
15. Qc3 Bb7 16. Be2 Rac8 17. O-O Ne7 18. Bd3 Qd6 19. Rfc1 Rfd8 20. Qc5 Qf6 21.
e4 Ng6 22. e5 Qe6 23. Bxg6 Qxg6 24. Rc3 Be4 25. Re1 Rd5 26. Qa7 c5 27. Nh4 Qg5
28. Rxe4 Rcd8 29. e6 f5 30. Rg3 Qf6 31. Rg6 Qf8 32. e7 Qf7 33. exd8=Q+ Rxd8 34.
Qxf7+ Kxf7 35. Ree6 Rxd4 36. Nxf5 Rd1+ 37. Kh2 1-0

[Event "Titled Tue 1st Jul Late"]
[Site "chess.com INT"]
[Date "2025.07.01"]
[Round "10"]
[White "Ahmad, Al Khatib"]
[Black "Damaraju, Ashwin"]
[Result "1-0"]
[WhiteTitle "GM"]
[WhiteElo "2172"]
[BlackElo "2084"]
[WhiteFideId "8103178"]
[BlackFideId "39908348"]
[EventDate "2025.07.01"]

1. d4 Nf6 2. Nc3 d5 3. Bf4 g6 4. Qd2 Bg7 5. Bh6 Bxh6 6. Qxh6 c5 7. dxc5 d4 8.
O-O-O Nc6 9. e3 Bg4 10. f3 Bf5 11. exd4 Nb4 12. Bb5+ Nd7 13. Ba4 Qa5 14. Bb3
O-O-O 15. a3 Nc6 16. g4 Be6 17. d5 Nxc5 18. dxe6 Nxb3+ 19. cxb3 Rxd1+ 20. Nxd1
Nd4 21. exf7 Nxb3+ 22. Kc2 Nd4+ 23. Kb1 Ne6 24. Qe3 Nd8 25. Qc3+ Qxc3 26. Nxc3
Nxf7 27. Nge2 e5 28. Ne4 h5 29. g5 h4 30. h3 b5 31. Rc1+ Kb7 32. Rc5 a5 33.
Rxb5+ Ka6 34. a4 Nd6 35. Nxd6 e4 36. Nxe4 Rc8 37. Nd4 Rc4 38. Nc5+ Rxc5 39. Rxc5
Kb6 40. Rb5+ Kc7 41. f4 Kd6 42. f5 Ke7 43. f6+ Kd6 44. Nf3 Ke6 45. Nxh4 Kf7 46.
Rxa5 Ke6 47. Rb5 Kf7 48. Re5 Kg8 49. b4 1-0

[Event "Titled Tue 1st Jul Late"]
[Site "chess.com INT"]
[Date "2025.07.01"]
[Round "10"]
[White "Akhayan, Ruben"]
[Black "Vijayakumar, Rishi"]
[Result "0-1"]
[WhiteTitle "FM"]
[BlackTitle "FM"]
[WhiteElo "2265"]
[BlackElo "2333"]
[WhiteFideId "204439"]
[BlackFideId "2408953"]
[EventDate "2025.07.01"]

1. Nf3 Nf6 2. d4 c5 3. c3 e6 4. Bf4 Nc6 5. e3 d5 6. Bd3 Bd6 7. Bg3 O-O 8. Nbd2
b6 9. Ne5 Bb7 10. O-O Qc7 11. f4 Ne7 12. Bh4 Ne4 13. Bxe4 dxe4 14. Qh5 Nf5 15.
Bf2 cxd4 16. cxd4 Bxe5 17. fxe5 Qc2 18. Rfd1 Qxb2 19. Qg4 Rac8 20. Nxe4 Rc2 21.
Rab1 Qxa2 22. Ra1 Qb2 23. Rab1 Qa3 24. Ra1 Qb3 25. Rab1 Qa4 26. Ra1 Qc6 27. d5
Qc4 28. Ra4 Qe2 29. Qxe2 Rxe2 30. Nd6 Nxd6 31. exd6 Bxd5 32. Rxa7 Rc2 33. d7 f5
34. e4 fxe4 35. Bxb6 e3 36. Bxe3 Rxg2+ 37. Kh1 Rg3+ 38. Rxd5 Rf1+ 0-1

[Event "Titled Tue 1st Jul Late"]
[Site "chess.com INT"]
[Date "2025.07.01"]
[Round "10"]
[White "Korchynskyi, Mykola"]
[Black "Craciun, Sasha-Matei"]
[Result "0-1"]
[WhiteTitle "FM"]
[BlackTitle "FM"]
[WhiteElo "2335"]
[BlackElo "2320"]
[WhiteFideId "34138005"]
[BlackFideId "1281186"]
[EventDate "2025.07.01"]

1. d4 d5 2. c4 e6 3. Nc3 Nf6 4. Nf3 Be7 5. Bf4 O-O 6. e3 Nbd7 7. cxd5 Nxd5 8.
Nxd5 exd5 9. Bd3 c6 10. O-O Nf6 11. Rb1 Nh5 12. Be5 f6 13. Bg3 Nxg3 14. hxg3 a5
15. Qc2 Bd6 16. Bxh7+ Kh8 17. Nh4 g5 18. Ng6+ Kxh7 19. Nxf8+ Kg7 20. Qh7+ Kxf8
21. e4 Be6 22. Rbe1 dxe4 23. Rxe4 Bg8 24. Qh6+ Kf7 25. Rfe1 Qf8 26. Qh5+ Kg7 27.
f4 Bd5 28. R4e2 Bc4 29. Re4 Bd3 30. Re8 Rxe8 31. Rxe8 Bg6 32. Rxf8 Bxh5 33. Rd8
Bb4 34. Rd7+ Kg6 35. Rxb7 Kf5 36. Rc7 Be8 37. Rc8 Bd7 38. Rc7 Ke6 39. a3 Bd2 40.
f5+ Kd6 41. Rb7 Bxf5 42. Kf2 Be4 43. Rf7 Ke6 44. Rf8 g4 45. Re8+ Kd5 46. Rd8+
Kc4 47. Rd6 f5 48. Ke2 Bc1 49. b4 a4 50. d5 Bxd5 51. Rf6 Be4 0-1

[Event "Titled Tue 1st Jul Late"]
[Site "chess.com INT"]
[Date "2025.07.01"]
[Round "10"]
[White "Ivashentseva, Dominika"]
[Black "Shendrik, Zhanna"]
[Result "1-0"]
[WhiteTitle "WCM"]
[BlackTitle "WCM"]
[WhiteElo "1969"]
[BlackElo "1990"]
[WhiteFideId "34331050"]
[BlackFideId "24106160"]
[EventDate "2025.07.01"]

1. d4 Nf6 2. c4 e6 3. g3 d5 4. Bg2 Bb4+ 5. Nd2 O-O 6. Nf3 c6 7. O-O b6 8. Ne5
Bb7 9. a3 Bd6 10. cxd5 cxd5 11. Nb3 Nbd7 12. Bf4 Qe7 13. Rc1 Rfc8 14. Qd3 Ne4
15. Bxe4 dxe4 16. Qb5 Nf6 17. e3 Nd5 18. Rxc8+ Rxc8 19. Rc1 Rxc1+ 20. Nxc1 g5
21. Nxf7 gxf4 22. Nxd6 Qxd6 23. Qe8+ Kg7 24. gxf4 Nf6 25. Qa4 Qd5 26. Qxa7 Qc6
27. Ne2 Kh6 28. Nc3 Qd7 29. Qxb6 Qg7+ 30. Kf1 Nd5 31. Qxe6+ Qg6 32. Qh3+ Kg7 33.
Qd7+ Qf7 34. Qg4+ Kh8 35. Nxe4 Ba6+ 36. Kg2 Ne7 37. Ng5 Bb7+ 38. f3 Qb3 39. Kg3
Qxe3 40. Nf7# 1-0

[Event "Titled Tue 1st Jul Late"]
[Site "chess.com INT"]
[Date "2025.07.01"]
[Round "10"]
[White "Girya, Olga"]
[Black "Arslanov, Shamil"]
[Result "0-1"]
[WhiteTitle "GM"]
[BlackTitle "IM"]
[WhiteElo "2393"]
[BlackElo "2410"]
[WhiteFideId "4195752"]
[BlackFideId "4192826"]
[EventDate "2025.07.01"]

1. d4 e5 2. dxe5 d6 3. Nf3 Nc6 4. Bg5 Qd7 5. exd6 Bxd6 6. Nc3 f6 7. Bh4 Qf7 8.
Nb5 Bc5 9. Bg3 Bb6 10. e3 a6 11. Nc3 Nge7 12. Bd3 Be6 13. O-O O-O-O 14. Qe2 Nf5
15. a4 Nxg3 16. hxg3 Nb4 17. a5 Bc5 18. Rfd1 g5 19. Nd4 Bxd4 20. exd4 Rxd4 21.
Be4 Rhd8 22. Qe3 c5 23. Qe2 f5 24. Bd3 c4 25. Na4 Qf6 26. Nb6+ Kb8 27. Bxc4 Bxc4
28. Nxc4 Re4 29. Qf1 Nxc2 30. Rxd8+ Qxd8 31. Rd1 Nd4 32. Qd3 Qe7 33. f3 Ne2+ 34.
Kh2 Re6 35. Qd8+ Ka7 36. Qxe7 Rh6# 0-1

[Event "Titled Tue 1st Jul Late"]
[Site "chess.com INT"]
[Date "2025.07.01"]
[Round "10"]
[White "Shankland, Sam"]
[Black "Maghsoodloo, Parham"]
[Result "0-1"]
[WhiteTitle "GM"]
[BlackTitle "GM"]
[WhiteElo "2666"]
[BlackElo "2691"]
[WhiteFideId "2004887"]
[BlackFideId "12539929"]
[EventDate "2025.07.01"]

1. d4 Nf6 2. c4 e6 3. Nc3 Bb4 4. Qc2 h6 5. a3 Bxc3+ 6. Qxc3 b6 7. f3 d5 8. cxd5
Nxd5 9. Qd3 Ba6 10. Qd2 Ne7 11. b4 Bc4 12. Bb2 a5 13. Rc1 b5 14. e4 axb4 15.
axb4 Bxf1 16. Kxf1 O-O 17. Ne2 Nd7 18. Qd3 c6 19. Kf2 Nb6 20. Rhd1 Qd6 21. Bc3
Nc4 22. g3 Ra2 23. Ra1 Rfa8 24. Rxa2 Rxa2 25. Qb1 Ra3 26. Rd3 Qd7 27. Be1 Ra6
28. Bc3 Qa7 29. Nc1 Ng6 30. Kg2 Kh7 31. h4 h5 32. Qc2 Ra3 33. Qe2 Ne7 34. f4 g6
35. Kh2 Qd7 36. Be1 Ra8 37. Nb3 Ng8 38. g4 hxg4 39. Qxg4 Ra2+ 40. Kh1 Nf6 41.
Qf3 Qa7 42. Bc3 Qa3 43. d5 Qxb3 44. Bxf6 Qc2 0-1

[Event "Titled Tue 1st Jul Late"]
[Site "chess.com INT"]
[Date "2025.07.01"]
[Round "10"]
[White "Romero Ruscalleda, Josep"]
[Black "Aalto, Patrik"]
[Result "0-1"]
[WhiteTitle "FM"]
[BlackTitle "FM"]
[WhiteElo "2110"]
[BlackElo "2316"]
[WhiteFideId "2231859"]
[BlackFideId "510726"]
[EventDate "2025.07.01"]

1. e4 c5 2. c3 d5 3. exd5 Qxd5 4. Nf3 Nf6 5. Na3 a6 6. d4 e6 7. Bc4 Qd8 8. Be3
b5 9. Be2 cxd4 10. Bxd4 Bxa3 11. bxa3 O-O 12. O-O Bb7 13. a4 bxa4 14. Qxa4 Nc6
15. Be3 Qa5 16. Qh4 Ne7 17. Bd4 Nf5 18. Qg5 h6 19. Qf4 Nd5 20. Qe5 Nxd4 21. cxd4
Rac8 22. Bd3 Qc7 23. Rab1 Nc3 24. Qxc7 Rxc7 25. Rb2 Bxf3 26. gxf3 a5 27. Kg2 Rd8
28. Rd2 Kf8 29. Be4 Rcd7 30. Rc2 Nxe4 31. fxe4 Rxd4 32. f3 Rd2+ 33. Rf2 Rxf2+
34. Kxf2 Ke7 35. Ke3 Kd6 36. Kd4 e5+ 37. Ke3 Rb8 38. Rd2+ Ke6 39. Rd5 Rb2 40.
Rxa5 Rxh2 41. a4 Ra2 42. Ra7 h5 43. a5 h4 44. Ra8 h3 45. Rh8 h2 46. a6 Rxa6 47.
Rxh2 Ra3+ 48. Kf2 Ra2+ 49. Kg3 Rxh2 50. Kxh2 Kf6 51. Kg3 Kg5 52. Kg2 Kf4 53. Kf2
g5 54. Kg2 g4 55. fxg4 Kxg4 56. Kf2 Kf4 0-1

[Event "Titled Tue 1st Jul Late"]
[Site "chess.com INT"]
[Date "2025.07.01"]
[Round "10"]
[White "Vazelakis, Dimitrios"]
[Black "Uyanga, Byambaa"]
[Result "0-1"]
[BlackTitle "WFM"]
[WhiteElo "1857"]
[BlackElo "2006"]
[WhiteFideId "4203674"]
[BlackFideId "2054906"]
[EventDate "2025.07.01"]

1. d4 Nf6 2. Nf3 g6 3. g3 Bg7 4. Bg2 h5 5. h3 d6 6. Nbd2 c6 7. O-O h4 8. g4 Nxg4
9. hxg4 h3 10. Bh1 h2+ 11. Nxh2 e5 12. dxe5 Qh4 13. Ndf3 Qh7 14. Bg2 Bxe5 15.
Re1 Bxh2+ 16. Nxh2 Qxh2+ 17. Kf1 Bxg4 18. Qd4 Be6 19. Bf4 Qh5 20. Qxd6 Nd7 21.
Rad1 Rd8 22. Qd4 a6 23. Qe3 O-O 24. a3 Nf6 25. Qg3 Bg4 26. f3 Bf5 27. e4 Nxe4
28. fxe4 Rxd1 29. exf5 Rxe1+ 30. Kxe1 Qxf5 31. Qf3 Re8+ 32. Kf1 Qxc2 33. Kg1
Qxb2 34. Kh2 Qf6 35. Qg3 Re2 36. Bg5 Qf5 37. Bf4 c5 38. Bc7 Qh5+ 0-1